000 01856cam a22002655a 4500
001 L137442
002 16384
008 070405s2007 xxk f 001 0 eng d
020 _a9781853289996
035 _a(Sirsi) u137442
041 0 _aeng
050 0 4 _a346.4104346 $2 18
100 1 _aSykes, Christopher
245 0 0 _aLeasehold enfranchisement and the right to manage
_ba practical guide
260 _aLondon
_bThe Law Society
_c2007
300 _axxiii, 294p.
_c24cm. +
_e1 compact disc
350 _a49.95
505 2 _a1. Introduction -- A brief history -- The rights -- 2. Collective rights -- Managing the collective process -- Collective enfranchisement -- Right to manage -- 3. Individual rights -- Right to extend the lease of a flat -- Right of a tenant to acquire the freehold of their house -- Right to a new lease of a house -- 4. Miscellaneous -- The leasehold valuation tribunal -- The valuer and valuation issues -- Companies, corporate formalities and taxation -- The Commonhold and Leasehold Reform Act 2002 and other relevant rights
520 _aOffers guidance for solicitors to help their clients through the complicated qualification requirements and serving of notices. Also deals with the organisation of collective enfranchisement claims and right to manage claims, as well as for the individual rights to extend the lease of a house or flat and obtain the freehold of a house. Identifies associated legal considerations and explains the significant role played by other professionals, including surveyors, accountants and managing agents. Includes a CD-ROM giving access to forms, precedents and extracts from legislation.
590 _aKA
650 2 4 _aCOMMONHOLD AND LEASEHOLD REFORM ACT 2002
651 4 _aUnited Kingdom
_y
690 _aPROPERTY-LANDLORD AND TENANT-LEASES-LEASEHOLD ENFRANCHISEMENT
942 _n0
999 _c106786
_d106786